Every Premier League Goalscorer (2018/19) - Statistics

General Stats
  • This quiz has been taken 248 times
  • The average score is 81 of 267
Answer Stats
Player Club Goals % Correct
Mohamed Salah Liverpool 22
90%
Sadio Mané Liverpool 22
87%
Harry Kane Tottenham Hotspur 17
85%
Heung-min Son Tottenham Hotspur 12
85%
Jamie Vardy Leicester City 18
85%
Pierre-Emerick Aubameyang Arsenal 22
83%
Roberto Firmino Liverpool 12
81%
Sergio Agüero Manchester City 21
81%
Alexandre Lacazette Arsenal 13
76%
Marcus Rashford Manchester United 10
74%
Raheem Sterling Manchester City 17
74%
Virgil van Dijk Liverpool 4
73%
Eden Hazard Chelsea 16
72%
Wilfried Zaha Crystal Palace 10
72%
Bernardo Silva Manchester City 7
69%
David Silva Manchester City 6
69%
Jordan Henderson Liverpool 1
69%
Kevin De Bruyne Manchester City 2
69%
Romelu Lukaku Manchester United 12
67%
Trent Alexander-Arnold Liverpool 1
67%
Callum Wilson Bournemouth 14
65%
Mesut Özil Arsenal 5
64%
Riyad Mahrez Manchester City 7
63%
Dominic Calvert-Lewin Everton 6
62%
James Maddison Leicester City 7
61%
N'Golo Kanté Chelsea 4
61%
Anthony Martial Manchester United 10
59%
James Milner Liverpool 5
59%
Kyle Walker Manchester City 1
59%
Rúben Neves Wolverhampton Wanderers 4
59%
Dele Alli Tottenham Hotspur 5
58%
Raúl Jiménez Wolverhampton Wanderers 13
58%
Aleksandar Mitrović Fulham 11
57%
Ashley Barnes Burnley 12
57%
Harvey Barnes Leicester City 1
57%
Alexis Sánchez Manchester United 1
56%
Davinson Sánchez Tottenham Hotspur 1
56%
Gabriel Jesus Manchester City 7
56%
Richarlison Everton 13
56%
Diogo Jota Wolverhampton Wanderers 9
55%
Georginio Wijnaldum Liverpool 3
55%
Divock Origi Liverpool 3
53%
Joël Matip Liverpool 1
53%
Leroy Sané Manchester City 10
53%
Danny Ward Cardiff City 1
52%
Joel Ward Crystal Palace 1
52%
Willian Chelsea 3
52%
Christian Eriksen Tottenham Hotspur 8
51%
Fabinho Liverpool 1
51%
Chris Wood Burnley 10
50%
Ilkay Gündogan Manchester City 6
50%
James Ward-Prowse Southampton 7
50%
Lucas Moura Tottenham Hotspur 10
50%
Olivier Giroud Chelsea 2
50%
Paul Pogba Manchester United 13
50%
Pedro Chelsea 8
50%
Troy Deeney Watford 9
50%
Michail Antonio West Ham United 6
49%
Granit Xhaka Arsenal 4
48%
David Luiz Chelsea 3
47%
Marcos Alonso Chelsea 2
47%
Harry Maguire Leicester City 3
46%
Jan Vertonghen Tottenham Hotspur 1
46%
Álvaro Morata Chelsea 5
45%
César Azpilicueta Chelsea 1
45%
João Moutinho Wolverhampton Wanderers 1
45%
Joshua King Bournemouth 12
45%
Lewis Dunk Brighton & Hove Albion 2
45%
Phil Foden Manchester City 1
45%
Danny Welbeck Arsenal 1
44%
Vincent Kompany Manchester City 1
44%
Adam Smith Bournemouth 1
43%
Christian Benteke Crystal Palace 1
43%
Danny Ings Southampton 7
43%
Fernandinho Manchester City 1
43%
Jesse Lingard Manchester United 4
43%
Kieran Trippier Tottenham Hotspur 1
43%
Pascal Groß Brighton & Hove Albion 3
43%
Youri Tielemans Leicester City 3
43%
Eric Dier Tottenham Hotspur 3
41%
Luke Shaw Manchester United 1
41%
Xherdan Shaqiri Liverpool 6
41%
Aaron Ramsey Arsenal 4
40%
Jorginho Chelsea 2
40%
Alex Iwobi Arsenal 3
39%
Ayoze Pérez Newcastle United 12
38%
Declan Rice West Ham United 2
38%
Lucas Pérez West Ham United 3
38%
Shkodran Mustafi Arsenal 2
38%
Theo Walcott Everton 5
38%
Wilfred Ndidi Leicester City 2
38%
James Tarkowski Burnley 3
37%
Naby Keïta Liverpool 2
37%
Nathan Aké Bournemouth 4
37%
Adama Traoré Wolverhampton Wanderers 1
36%
Antonio Rüdiger Chelsea 1
36%
Hélder Costa Wolverhampton Wanderers 1
36%
Jordan Ayew Crystal Palace 1
36%
Shane Long Southampton 5
36%
Glenn Murray Brighton & Hove Albion 13
35%
Aymeric Laporte Manchester City 3
34%
Steve Cook Bournemouth 1
34%
Andreas Pereira Manchester United 1
33%
Dejan Lovren Liverpool 1
33%
Ricardo Pereira Leicester City 2
33%
Séamus Coleman Everton 2
33%
Wes Morgan Leicester City 3
33%
Juan Mata Manchester United 3
32%
Kelechi Iheanacho Leicester City 1
32%
Andre Gray Watford 7
31%
Daniel Sturridge Liverpool 2
31%
Demarai Gray Leicester City 4
31%
Fred Manchester United 1
31%
Jonny Evans Leicester City 1
31%
Laurent Koscielny Arsenal 3
31%
Scott McTominay Manchester United 2
31%
Stuart Armstrong Southampton 3
31%
André Gomes Everton 1
30%
Henrikh Mkhitaryan Arsenal 6
30%
Ashley Young Manchester United 2
29%
Chris Smalling Manchester United 1
29%
Gonzalo Higuaín Chelsea 5
29%
Marc Albrighton Leicester City 2
29%
Mark Noble West Ham United 5
29%
Nemanja Matić Manchester United 1
29%
Ryan Fraser Bournemouth 7
29%
Solly March Brighton & Hove Albion 1
29%
Will Hughes Watford 2
29%
Yerry Mina Everton 1
29%
Aaron Mooy Huddersfield Town 3
28%
Abdoulaye Doucouré Watford 5
28%
Kurt Zouma Everton 2
28%
Michael Keane Everton 1
27%
Nacho Monreal Arsenal 1
27%
Ross Barkley Chelsea 3
27%
Victor Lindelöf Manchester United 1
27%
Dwight McNeil Burnley 3
26%
Harry Winks Tottenham Hotspur 1
26%
Ruben Loftus-Cheek Chelsea 6
26%
Érik Lamela Tottenham Hotspur 4
25%
Sokratis Papastathopoulos Arsenal 1
25%
Ainsley Maitland-Niles Arsenal 1
24%
Ander Herrera Manchester United 2
24%
Eddie Nketiah Arsenal 1
24%
Gylfi Sigurðsson Everton 13
24%
Jeffrey Schlupp Crystal Palace 4
24%
Victor Wanyama Tottenham Hotspur 1
24%
Bobby De Cordova-Reid Cardiff City 5
23%
Calum Chambers Fulham 2
23%
Lucas Torreira Arsenal 2
23%
Matt Doherty Wolverhampton Wanderers 4
23%
Felipe Anderson West Ham United 9
22%
Lucas Digne Everton 4
22%
Marko Arnautović West Ham United 10
22%
Aboubakar Kamara Fulham 3
20%
Andros Townsend Crystal Palace 6
20%
Angelo Ogbonna West Ham United 1
20%
Ashley Westwood Burnley 2
20%
Fabian Schär Newcastle United 4
20%
Javier Hernández West Ham United 7
20%
Jonjo Shelvey Newcastle United 1
20%
Matt Ritchie Newcastle United 2
20%
Pierre-Emile Højbjerg Southampton 4
20%
Willy Boly Wolverhampton Wanderers 4
20%
David Brooks Bournemouth 7
19%
Gerard Deulofeu Watford 10
19%
Jefferson Lerma Bournemouth 2
19%
Josh Murphy Cardiff City 3
19%
Shane Duffy Brighton & Hove Albion 5
19%
Danilo Manchester City 1
18%
Fernando Llorente Tottenham Hotspur 1
18%
James Tomkins Crystal Palace 1
18%
Luka Milivojević Crystal Palace 12
18%
Manuel Lanzini West Ham United 1
18%
Jonny Otto Wolverhampton Wanderers 1
17%
Junior Stanislas Bournemouth 2
17%
Michy Batshuayi Crystal Palace 5
17%
Philip Billing Huddersfield Town 2
17%
Salomón Rondón Newcastle United 11
17%
Dale Stephens Brighton & Hove Albion 1
16%
Jack Stephens Southampton 1
16%
Leander Dendoncker Wolverhampton Wanderers 2
16%
Nathan Redmond Southampton 6
16%
André Schürrle Fulham 6
15%
Charlie Daniels Bournemouth 1
15%
Jack Cork Burnley 1
15%
Oriol Romeu Southampton 1
15%
Ryan Bertrand Southampton 1
15%
Tom Cairney Fulham 1
15%
Sol Bamba Cardiff City 4
14%
Bernard Everton 1
13%
Charlie Austin Southampton 2
13%
Davy Pröpper Brighton & Hove Albion 1
13%
Issa Diop West Ham United 1
13%
James McArthur Crystal Palace 3
13%
Jean Michaël Seri Fulham 1
13%
Jóhann Berg Guðmundsson Burnley 3
13%
Jordon Ibe Bournemouth 1
13%
Roberto Pereyra Watford 6
13%
Sean Longstaff Newcastle United 1
13%
Steve Mounié Huddersfield Town 2
13%
Anthony Knockaert Brighton & Hove Albion 2
11%
Dan Gosling Bournemouth 2
11%
Étienne Capoue Watford 1
11%
Ivan Cavaleiro Wolverhampton Wanderers 3
11%
Romain Saïss Wolverhampton Wanderers 2
11%
Sam Vokes Burnley 3
11%
Cenk Tosun Everton 3
10%
Ciaran Clark Newcastle United 3
10%
Isaac Hayden Newcastle United 1
10%
José Holebas Watford 3
10%
Junior Hoilett Cardiff City 3
10%
Patrick van Aanholt Crystal Palace 3
10%
Phil Jagielka Everton 1
10%
Ryan Babel Fulham 5
10%
Tom Cleverley Watford 1
10%
Aaron Lennon Burnley 1
9%
Andriy Yarmolenko West Ham United 2
9%
Craig Cathcart Watford 3
9%
DeAndre Yedlin Newcastle United 1
9%
Víctor Camarasa Cardiff City 5
9%
Cédric Soares Southampton 1
8%
Jeff Hendrick Burnley 3
8%
Joselu Newcastle United 2
8%
Kadeem Harris Cardiff City 1
8%
Kiko Femenía Watford 1
8%
Matěj Vydra Burnley 1
8%
Nathaniel Mendez-Laing Cardiff City 4
8%
Ryan Fredericks West Ham United 1
8%
Ryan Sessegnon Fulham 2
8%
Callum Paterson Cardiff City 4
7%
Christian Atsu Newcastle United 1
7%
Christopher Schindler Huddersfield Town 1
7%
Florin Andone Brighton & Hove Albion 3
7%
Juan Foyth Tottenham Hotspur 1
7%
Karlan Grant Huddersfield Town 4
7%
Robert Snodgrass West Ham United 2
7%
Ryan Bennett Wolverhampton Wanderers 1
7%
Fabián Balbuena West Ham United 1
6%
Jürgen Locadia Brighton & Hove Albion 2
6%
Kenedy Newcastle United 1
6%
Leon Balogun Brighton & Hove Albion 1
6%
Lys Mousset Bournemouth 1
6%
Manolo Gabbiadini Southampton 1
6%
Mario Lemina Southampton 1
6%
Matt Targett Southampton 1
6%
Max Meyer Crystal Palace 1
6%
Mathias Jørgensen Huddersfield Town 3
5%
Sean Morrison Cardiff City 1
5%
Yan Valery Southampton 2
5%
Yoshinori Mutō Newcastle United 1
5%
Alex Pritchard Huddersfield Town 2
4%
Aron Gunnarsson Cardiff City 1
4%
Beram Kayal Brighton & Hove Albion 1
4%
Kenneth Zohore Cardiff City 1
4%
Ben Gibson Burnley 1
3%
Isaac Mbenza Huddersfield Town 1
3%
Isaac Success Watford 1
3%
Luciano Vietto Fulham 1
3%
Michael Obafemi Southampton 1
3%
Terence Kongolo Huddersfield Town 1
3%
Floyd Ayité Fulham 1
2%
Ken Sema Watford 1
2%
Domingos Quina Watford 1
1%
Jon Gorenc Stanković Huddersfield Town 1
1%
Juninho Bacuna Huddersfield Town 1
1%
Rachid Ghezzal Leicester City 1
0%
No matching quizzes found
Score Distribution
Percent of People with Each Score
Percentile by Number Answered
Your Score History
You have not taken this quiz